Find The Mystery US Capital Using Miles Clues - Statistics

General Stats
  • This quiz has been taken 215 times
  • The average score is 43 of 50
Answer Stats
Miles Away Capital % Correct
307 Albany
91%
381 Boston
91%
2,809 Sacramento
91%
1,623 Austin
89%
493 Columbus
89%
1,751 Denver
89%
2,367 Phoenix
89%
1,183 Saint Paul
89%
2,876 Concord
88%
668 Indianapolis
88%
1,078 Jackson
88%
373 Raleigh
88%
534 Augusta
87%
1,240 Baton Rouge
87%
2,706 Carson City
87%
672 Lansing
87%
1,290 Lincoln
87%
765 Nashville
87%
1,407 Oklahoma City
87%
2,887 Olympia
87%
349 Providence
87%
400 Salem
87%
1,942 Santa Fe
87%
962 Tallahassee
87%
627 Charleston
86%
643 Frankfort
86%
2,227 Helena
86%
1,034 Jefferson City
86%
1,571 Pierre
86%
203 Richmond
86%
2,165 Salt Lake City
86%
64 Annapolis
85%
734 Atlanta
85%
1,616 Bismarck
85%
2,461 Boise
85%
574 Columbia
85%
282 Hartford
85%
3,801 Juneau
85%
1,112 Little Rock
85%
480 Montpelier
85%
876 Springfield
85%
1,211 Topeka
85%
1,728 Cheyenne
84%
1,102 Des Moines
84%
141 Harrisburg
84%
4,901 Honolulu
84%
928 Madison
84%
895 Montgomery
84%
112 Trenton
84%
0 Dover
82%
No matching quizzes found
Score Distribution
Percent of People with Each Score
Percentile by Number Answered
Your Score History
You have not taken this quiz